Ligue 1 2017-2018 Top scorers - Statistics

General Stats
  • This quiz has been taken 16 times
  • The average score is 7 of 10
Answer Stats
Goals Nationality Club Player % Correct
28 Uruguay Paris Saint-Germain Edinson Cavani
93%
18 Colombia Monaco Radamel Falcao
93%
19 Netherlands Lyon Memphis Depay
87%
19 Brazil Paris Saint-Germain Neymar
87%
22 France Marseille Florian Thauvin
80%
18 Italy Nice Mario Balotelli
67%
18 Dominican Republic Lyon Mariano Díaz
60%
18 France Lyon Nabil Fekir
53%
17 Cameroon Angers Karl Toko Ekambi
47%
16 France Nice Alassane Pléa
27%
No matching quizzes found
Score Distribution
Percent of People with Each Score
Percentile by Number Answered
Your Score History
You have not taken this quiz